000 00820cab a22002055a 4500
001 L144578
008 080729e20080725xxk 000 0 eng d
035 _a(Sirsi) u144578
041 0 _aeng
100 1 _aWatson, Stuart
245 0 0 _aSpecial report
_bports, airports and rail freight
260 _c2008
490 0 _aProperty Week
_v73(30) 25 July 2008, 69-76(5)
520 _aReports on expansion plans for London City airport, including a new terminal building and better facilities. Explains how a distribution scheme might make it possible for Immingham to expand. Reports on how HelioSlough hopes its inland port will benefit from a nearby eco-town.
590 _aKA
650 2 4 _aECO-TOWNS
651 4 _aUnited Kingdom
_y
690 _aPROPERTY-COMMERCIAL PROPERTY-COMMERCIAL PROPERTY MARKET
942 _n0
999 _c80525
_d80525